Culture Générale - Série 981 - Statistiques

Statistiques générales
  • Ce quiz a été pris 124 fois
  • Le résultat moyen est 6 sur 10
Statistiques - réponses
Question Réponse % Correct
Selon l'expression, quel organe du corps peut battre la chamade ? coeur
98%
Dans quelle ville Clovis fut-il baptisé par saint Rémi ? Reims
88%
Dans le langage des pratiquants de vol libre, quel sport porte le nom de la quatrième lettre de l'alphabet grec ? delta
76%
Dans quelle série créée en 1964 découvre-t-on Samantha, sa fille Tabatha et sa mère Endora ? Ma sorcière bien-aimée
76%
Quel acteur américain s'échoue sur une île déserte dans le film de 2000 "Seul au monde" ? Tom Hanks
73%
A quel pays appartient l'île de Théra ? Grèce
67%
En 1986, quel artiste a réalisé les colonnes du Palais-Royal, à Paris ? Daniel Buren
50%
Quelle prière de dévotion à la Vierge Marie, ponctuée de trois "Ave Maria", est annoncée le matin, à midi et le soir par un son de cloche ? Angélus
21%
Selon la Bible, dans quelle région d'Israël Jésus a-t-il passé son enfance et exercé son ministère avant d'entrer à Jérusalem ? Galilée
17%
Comment se prénommait le compositeur russe Moussorgski ? Modest
12%
Aucun quiz correspondant
Distribution des résultats
% des personnes avec chaque résultat
Percentile par nombre de réponses
Votre historique - résultats
Vous n’avez pas pris ce quiz